Tercera parte de la vida de Christo Señor nuestro que trata de sus parábolas.

Detalles Bibliográficos
Autor principal: FONSECA, Cristóbal de (Fray)
Formato: Libro
Publicado: Madrid 1605
Materias:
Colección:Banco de datos
Acervo:Biblioteca del Museo Regional de Querétaro. INAH. Querétaro
Tema general:Hagiografía
Notas:Buena. Marca de fuego 23. 3B8, 5.
LEADER 00714nam a22001930004500
035 |a 32200 
036 |a 212 
100 1 |a FONSECA, Cristóbal de (Fray) 
245 1 0 |a Tercera parte de la vida de Christo Señor nuestro que trata de sus parábolas. 
260 |a Madrid  |b Imprenta Real imp.  |c 1605 
500 |a Buena. Marca de fuego 23. 3B8, 5. 
650 1 0 |a Hagiografía 
949 |a C.R.Q. 
959 |a Ex convento Grande de San Francisco de la ciudad de Querétaro, Museo Regional de Querétaro  |b CCC2 
960 |a Marcas no identificadas de Querétaro  |b DD81 
961 |a Varias Ordenes Religiosas  |b VO 
942 |c C.R.Q. 
943 |g Biblioteca del Museo Regional de Querétaro. INAH. Querétaro 
999 |c 988516  |d 988516